LIBRARY & INFORMATION CENTRE, KCAET, TAVANUR

ONLINE PUBLIC ACCESS CATALOGUE (OPAC)

Development and performance evaluation of self propelled bush cutter (Record no. 14956)

MARC details
000 -LEADER
fixed length control field 00688nam a22001817a 4500
003 - CONTROL NUMBER IDENTIFIER
control field OSt
088 ## - REPORT NUMBER
Report number P 68
100 ## - MAIN ENTRY--AUTHOR NAME
Personal name SURESH K.V WARRIER
-- VENUGOPAL T.S
-- XAVIER V.V
245 ## - TITLE STATEMENT
Title Development and performance evaluation of self propelled bush cutter
260 ## - PUBLICATION, DISTRIBUTION, ETC. (IMPRINT)
Place of publication Tavanur 1997
Name of publisher Department of Farm Power Machinery and Energy
300 ## - PHYSICAL DESCRIPTION
Number of Pages 40
500 ## - GENERAL NOTE
General note Development and performance evaluation of self propelled bush cutter
520 ## - SUMMARY, ETC.
Summary, etc Development and performance evaluation of self propelled bush cutter
700 ## - ADDED ENTRY--PERSONAL NAME
Personal name Er. Joby Bastian (Guide)
856 ## - ELECTRONIC LOCATION AND ACCESS
Uniform Resource Identifier https://drive.google.com/open?id=1-I50st9mJioXetggOzSOxSfKbUBG1-di
942 ## - ADDED ENTRY ELEMENTS (KOHA)
Koha item type Project Report
Holdings
Collection code Home library Current library Shelving location Full call number Accession Number Koha item type
Reference KAUAET KAUAET Reference 631.3 SUR/DE P 68 Project Report
free website counter